00564nam a22002057a 450000500170000001000110001702000220002803500110005003700160006104000120007708200120008924500980010126000440019927000150024330000270025865000160028565000160030170000220031770000190033920170124110120.0 a708648 c00.00a0192741179 a708648 bCen Lib/Ret aDPLbEN aFTbARM aArmenian folk-tales and fables /ctraslated by Charles Downing; illustrated by William Papas  bOxford university press aLondon c1972 bLondon a  a215p.:c20cm(Hb)bill. aLiterature  aFairy tales aDowning, Charles  aPaps, William